000 00515nam a22002177a 4500
005 20250207155558.0
008 220316b1999 xxu||||| |||| 00| 0 spa d
020 _a9700711234
041 _aESP
082 _aR 411 G266d2
100 _aCárdenas, Agustín
245 _aDiccionario Ortográfico Porrúa
250 _a2 edición
260 _aMéxico
260 _bEditorial Porrúa
260 _c1999
300 _a452 páginas
650 _aDICCIONARIOS
650 _aORTOGRAFÍA
942 _cREF
_2ddc
999 _c13255
_d13255